| 000 | 00591nam a22001817a 4500 | ||
|---|---|---|---|
| 003 | OSt | ||
| 005 | 20140310182521.0 | ||
| 008 | 130810t xxu||||| |||| 00| 0 eng d | ||
| 020 | _a9789710388363 | ||
| 050 |
_aU 660 _b.D332 2007 |
||
| 100 |
_aDela Cruz, Sonia Gasilla _98952 |
||
| 245 |
_aNSTP national service training program, ROTC 1 reserve officers training corps / _cSonia Gasilla dela Cruz, et. al. ; |
||
| 260 |
_aMandaluyong City : _bBook Atpb Publishing Corp., _cc2007. |
||
| 300 |
_a315 p. ; _c26 cm. |
||
| 700 |
_aLloren, Rico S. _99357 |
||
| 942 |
_2lcc _cSSLC |
||
| 999 |
_c14026 _d14026 |
||